Statistiques concernant Les 10 pays les plus touchés par le SIDA

Cliquez ici pour prendre le quiz!

Statistiques générales

  • Ce quiz a été pris 57 fois
  • Le résultat moyen est 8 sur 10

Statistiques - réponses

Answer En % de la population % Correct
Afrique du Sud17,3%
84%
Zambie12,5%
84%
Mozambique11,3%
82%
Lesotho23,3%
80%
Botswana23,4%
79%
Swaziland26%
79%
Zimbabwe14,9%
77%
Namibie13,4%
77%
Ouganda7,2%
71%
Malawi10%
70%

Distribution des résultats

Percentile by Number Answered

% des personnes avec chaque résultat

Votre développement - résultats

Vous n’avez pas pris ce quiz